Mathematics-XII (Record no. 2997)

MARC details
000 -LEADER
fixed length control field 00223nam a22000857a 4500
008 - FIXED-LENGTH DATA ELEMENTS--GENERAL INFORMATION
fixed length control field 160908b xxu||||| |||| 00| 0 eng d
100 ## - MAIN ENTRY--PERSONAL NAME
9 (RLIN) 337
Personal name Sharma R.D
245 ## - TITLE STATEMENT
Title Mathematics-XII
260 ## - PUBLICATION, DISTRIBUTION, ETC. (IMPRINT)
Place of publication, distribution, etc. New Delhi
Name of publisher, distributor, etc. Dhanpat publication
Date of publication, distribution, etc. 2012
Holdings
Withdrawn status Lost status Source of classification or shelving scheme Damaged status Koha normalized classification for sorting Not for loan Home library Current library Shelving location Date acquired Total Checkouts Full call number Barcode Date last seen Date last checked out Price effective from Koha item type Total Renewals
    Dewey Decimal Classification   510_000000000000000   Good Samaritan School Library Good Samaritan School Library Mathematics 09/08/2016 7 510 SHA11475 09/21/2019 09/16/2019 09/08/2016 BOOK  
    Dewey Decimal Classification   510_000000000000000   Good Samaritan School Library Good Samaritan School Library Mathematics 09/08/2016 7 510 SHA11476 04/05/2019 04/05/2019 09/08/2016 BOOK 4

Powered by Koha